Sports Quiz

Random Sports or College Quiz

College Football Rivalries Quiz Stats

 Plays Quiz Updated Oct 4, 2018

Score 0/20 Timer 06:00
14 Plays Today
Teams Rivalry Name % Correct
Oklahoma vs. TexasRed River Rivalry
73.6%
Alabama vs. AuburnIron Bowl
65.8%
Oregon vs. Oregon StateCivil War
53%
Pittsburgh vs. West VirginiaBackyard Brawl
46.1%
Washington vs. Washington StateThe Apple Cup
43.2%
Ohio State vs. MichiganThe Game
39.4%
Ole Miss vs. Mississippi StateThe Egg Bowl
32.5%
Kansas vs. MissouriBorder War
31.1%
Oklahoma vs. Oklahoma StateBedlam
28.1%
Brigham Young vs. UtahThe Holy War
26.6%
Teams Rivalry Name % Correct
Florida vs. GeorgiaWorld's Largest Outdoor Cocktail Party
25%
Georgia vs. Georgia TechClean, Old-fashioned Hate
10.7%
Texas vs. Texas A&MLone Star Showdown
9%
Arizona vs. Arizona StateTerritorial Cup
6.3%
Colorado vs. Colorado StateRocky Mountain Showdown
6.1%
West Virginia vs. MarshallFriends of Coal Bowl
5.6%
USC vs. UCLAThe battle for the Victory Bell
4.6%
TCU vs. SMUBattle for the Iron Skillet
4.3%
Baylor vs. Texas A&MBattle Of The Brazos
4.2%
Memphis vs. Southern MissBlack and Blue Bowl
2.7%

You're not logged in!

Compare scores with friends on all Sporcle quizzes.
OR
Log In

Sporcle TV

Today on Sporcle TV


Watch our educational content, quiz creation guides, and fun videos on Sporcle TV.

Show Comments

Extras

Top Quizzes Today


Score Distribution

Your Account Isn't Verified!

In order to create a playlist on Sporcle, you need to verify the email address you used during registration. Go to your Sporcle Settings to finish the process.

Report this User

Report this user for behavior that violates our Community Guidelines.

Details: